Tự chữa bệnh bằng phương pháp dưỡng sinh

Cuốn sách dựa trên cơ sở thành tựu của bộ môn y học dưàng sinh trong một số nước như: Mỹ, Đức, Liên-xô ( cũ ), Nhật, Pháp. Sách viết theo tuần tự từ thấp đến cao, thiết thực, mang tính ứng dụng như: rèn luyện bằng phương pháp dưàng...

Descrizione completa

Salvato in:
Dettagli Bibliografici
Autore principale: Nhan Vĩ
Natura: Libro
Lingua:Undetermined
Pubblicazione: Hà Nội Y học 1996
Soggetti:
Tags: Aggiungi Tag
Nessun Tag, puoi essere il primo ad aggiungerne! !
Thư viện lưu trữ: Trung tâm Học liệu Trường Đại học Cần Thơ
LEADER 01326nam a2200205Ia 4500
001 CTU_16544
008 210402s9999 xx 000 0 und d
020 |b 26500đ 
082 |a 613.7 
082 |b V300 
100 |a Nhan Vĩ 
245 0 |a Tự chữa bệnh bằng phương pháp dưỡng sinh 
245 0 |c Nhan Vĩ, Minh Hoa, Tăng Đại Minh; Dịch giả: Nguyễn Trung Thuần 
260 |a Hà Nội 
260 |b Y học 
260 |c 1996 
520 |a Cuốn sách dựa trên cơ sở thành tựu của bộ môn y học dưàng sinh trong một số nước như: Mỹ, Đức, Liên-xô ( cũ ), Nhật, Pháp. Sách viết theo tuần tự từ thấp đến cao, thiết thực, mang tính ứng dụng như: rèn luyện bằng phương pháp dưàng sinh thực liệu, phương pháp khí công, phương pháp quyền, liệu pháp tâm lí thần kinh, phương pháp luận chứng đoán bệnh...là những phương pháp dưàng sinh tối ưu, tốn ít thời gian nhưng hiệu quả nhanh. 
650 |a gymnastics, medical,physical fitness 
904 |i Nguyễn Quang Điền, 970530 
980 |a Trung tâm Học liệu Trường Đại học Cần Thơ